000 01364cam a2200349 a 4500
001 13692865
003 CEME
005 20211103105834.0
008 040819s2006 iaua 001 0 eng
010 _a 2004019841
020 _a0072976217 (text : acidfree paper)
020 _a0072976276 (instructor's ed. : acidfree paper)
020 _a0073107654 (Pkg.)
038 _aASAD
040 _aDLC
_cDLC
_dDLC
050 0 0 _aQA276.12
_b. B585 2006
082 0 0 _a519.5 BLU
_222
100 1 _aBluman, Allan G.
_95317
245 1 0 _aElementary statistics :a step by step approach
_ba brief version /
_cAllan G. Bluman.
246 1 4 _aElementary statistics :
_ba step by step approach : a brief version
250 _a3rd ed.
260 _aBoston :
_bMcGraw-Hill Higher Education,
_c2006.
300 _axxvii, 659 p. :
_bcol. ill. ;
_c26 cm. + important formulas ([8] p.)
500 _aLC copy imperfect: MathZone (1 CD-ROM) wanting
_5DLC
500 _aIncludes index.
563 _aHB
650 0 _aStatistics
_vTextbooks.
_95318
856 4 1 _3Table of contents
_uhttp://www.loc.gov/catdir/toc/ecip0422/2004019841.html
856 4 2 _3Publisher description
_uhttp://www.loc.gov/catdir/enhancements/fy0669/2004019841-d.html
856 4 2 _3Contributor biographical information
_uhttp://www.loc.gov/catdir/enhancements/fy0737/2004019841-b.html
942 _2ddc
_cBK
999 _c566484
_d566484